[Event "ch-UKR semi-final"]
[Site "Alushta UKR"]
[Date "2011.05.04"]
[Round "2.41"]
[White "Torosjan,Asja"]
[Black "Podolsky,A"]
[Result "0-1"]
[WhiteElo "1839"]
[BlackElo "2244"]

1.e4 c5 2.Nf3 d6 3.d4 cxd4 4.Nxd4 Nf6 5.Nc3 a6 6.Be3 e5 7.Nb3 Be6 8.f3 Nbd7
9.Qd2 Be7 10.O-O-O Qc7 11.Kb1 b5 12.g4 b4 13.Nd5 Bxd5 14.exd5 O-O 15.h4 Nb6
16.Bxb6 Qxb6 17.Qd3 Rfc8 18.Nd2 a5 19.Ne4 a4 20.Bh3 Nxe4 21.Qxe4 b3 22.cxb3 axb3
23.a3 Rc2 24.Rhe1 Qf2  0-1

[Event "NK Jeugd A"]
[Site "Haarlem NED"]
[Date "2011.05.04"]
[Round "5"]
[White "Ten Hagen,Y"]
[Black "Hachijan,A"]
[Result "1-0"]
[WhiteElo "2214"]
[BlackElo "2173"]

1.e4 c5 2.Nc3 d6 3.Nf3 Nf6 4.d4 cxd4 5.Nxd4 a6 6.Be3 e6 7.f3 b5 8.Qd2 Nbd7
9.O-O-O Nb6 10.Bd3 Bb7 11.g4 Rc8 12.Kb1 Nfd7 13.h4 Ne5 14.Qe1 Be7 15.g5 b4
16.Nce2 d5 17.exd5 Nxd5 18.Nf4 Nxd3 19.Rxd3 Nxf4 20.Bxf4 Bd5 21.Qe5 f6 22.gxf6 Bxf6
23.Nxe6 Bxe5 24.Nxd8 Bxf4 25.Rxd5 O-O 26.Ne6 Rf6 27.Nc5 Bg3 28.h5 Rd6 29.Rg5 Bf4
30.Rf5 Rf8 31.Rxf8+ Kxf8 32.Nd3 Bd2 33.Rd1 Bg5 34.c4 bxc3 35.bxc3 Rc6 36.Kb2 Bf6
37.Rc1 Ke7 38.Kb3 Rd6 39.Kc4 Rc6+ 40.Nc5 Kd6 41.Rd1+ Kc7 42.Rd7+ Kc8 43.Ra7 Bxc3
44.Ra8+ Kc7 45.Rxa6 Bf6 46.Kd5 Rxa6 47.Nxa6+ Kb6 48.Nc5 Bg5 49.Nd7+ Kb5 50.Nf8 Ka4
51.Nxh7 Bd2 52.Ke6 Ka3 53.Kf7 Bc3 54.Ng5 Kxa2 55.Ne6 Kb3 56.f4 Kc4 57.Nxg7  1-0

[Event "NK Jeugd A"]
[Site "Haarlem NED"]
[Date "2011.05.04"]
[Round "5"]
[White "Mostertman,M"]
[Black "Zwirs,Nico"]
[Result "1/2-1/2"]
[WhiteElo "2206"]
[BlackElo "2088"]

1.e4 c5 2.Nf3 d6 3.d4 cxd4 4.Nxd4 Nf6 5.Nc3 a6 6.Be3 e5 7.Nf3 Be7 8.Bc4 O-O
9.O-O Qc7 10.Nd5 Nxd5 11.Bxd5 Nd7 12.Ng5 Nf6 13.b3 Nxd5 14.Qxd5 h6 15.Nf3 Bd7
16.a4 Rfc8 17.Rfc1 Bc6 18.Qd3 f5 19.Qc4+ Kh8 20.exf5 Bxf3 21.gxf3 Qxc4 22.bxc4 Rxc4
23.Rcb1 Rxc2 24.Rxb7 Bf6 25.Rd1 Ra2  1/2-1/2

[Event "Ostravsky Konik A"]
[Site "Ostrava CZE"]
[Date "2011.05.04"]
[Round "5.29"]
[White "Stachon,Martin"]
[Black "Weissmann,L"]
[Result "0-1"]
[WhiteElo "1936"]
[BlackElo "2136"]

1.e4 c5 2.Nf3 d6 3.d4 cxd4 4.Nxd4 Nf6 5.Nc3 a6 6.Be3 e6 7.Be2 Be7 8.O-O O-O
9.Kh1 Qc7 10.f4 b5 11.a3 Bb7 12.Bf3 Nbd7 13.Qe2 Rfe8 14.Rae1 Nc5 15.Bc1 d5
16.e5 Nfe4 17.Bxe4 Nxe4 18.Nxe4 dxe4 19.Be3 Bd5 20.Qd1 Rad8 21.Qg4 f5 22.Qd1 Bc4
23.Rf2 Qb7 24.Rd2 a5 25.Qc1 Bd5 26.Red1 g6 27.Ne2 b4 28.axb4 axb4 29.c4 bxc3
30.bxc3 Bc4 31.Rxd8 Rxd8 32.Rxd8+ Bxd8 33.Nd4 Qa6 34.Qb2 Bh4 35.Qb8+ Kg7
36.Qc7+ Kh6 37.g3 Qa1+ 38.Bg1 Bd5 39.c4 Ba8  0-1

[Event "7th WSCC U17 Open"]
[Site "Krakow POL"]
[Date "2011.05.05"]
[Round "5.8"]
[White "Maksimenko,Andrei Jr"]
[Black "Stankiewicz,P"]
[Result "0-1"]
[WhiteElo "1820"]
[BlackElo "2075"]

1.e4 c5 2.Nf3 d6 3.d4 cxd4 4.Nxd4 Nf6 5.Nc3 a6 6.Be3 Nc6 7.Qd2 e6 8.f3 Be7
9.g4 O-O 10.O-O-O Nxd4 11.Bxd4 b5 12.g5 Nd7 13.h4 Bb7 14.Kb1 Rc8 15.Bd3 Ne5
16.Rdf1 Nc4 17.Bxc4 Rxc4 18.Rfg1 d5 19.e5 Qa5 20.Rh2 b4 21.Nd1 Rxd4 22.Qxd4 Bc5
23.Qg4 Bxg1 24.Qxg1 d4 25.f4 Qd5 26.Rd2 Rd8 27.Nf2 Qf3 28.Qg4 Qc6 29.h5 a5
30.Nd3 Ba6 31.Qg2 Qb6 32.g6 fxg6 33.hxg6 h6 34.Qh3 Rf8 35.Rf2 Bc8 36.Nc1 Rf5
37.Qd3 Ba6 38.Qe4 Bb7 39.Qd3 Ba6 40.Qf3 a4 41.Rd2 Bb7 42.Qf2 Be4 43.Ne2 Rf8
44.Qxd4 Qxd4 45.Rxd4 Bxg6 46.Rxb4 Be8 47.Kc1 h5 48.Kd2 h4 49.Ng1 Kf7 50.Nf3 Rh8
51.f5 exf5 52.Nxh4 Ke6 53.Nf3 Bh5 54.Ke3 Bxf3 55.Kxf3 Kxe5 56.Rxa4 Rh2 57.Ra5+ Kf6
58.Rc5 g5 59.Rc6+ Ke5 60.Rc5+ Kf6 61.a4 g4+ 62.Kg3 Rh3+ 63.Kg2 f4 64.Rc6+ Kf5
65.a5 f3+ 66.Kf2 Rh2+ 67.Kg1 f2+ 68.Kf1 g3 69.Rc5+ Kg4 70.Rc4+ Kh3 71.Ke2 Rh1
72.Rf4 Re1+ 73.Kd2 f1=Q 74.Rxf1 Rxf1 75.a6 g2 76.a7 Ra1  0-1

[Event "Ostravsky Konik A"]
[Site "Ostrava CZE"]
[Date "2011.05.05"]
[Round "6.45"]
[White "Zemlicka,V"]
[Black "Habada,J"]
[Result "0-1"]
[WhiteElo "1984"]
[BlackElo "1907"]

1.e4 c5 2.Nf3 d6 3.d4 cxd4 4.Nxd4 Nf6 5.Nc3 a6 6.Be3 e5 7.Nb3 Be6 8.f3 Nbd7
9.Qd2 b5 10.g4 Nb6 11.g5 Nfd7 12.Na5 Qc7 13.Nd5 Nxd5 14.exd5 Bxd5 15.Qxd5 Qxa5+
16.Bd2 Qd8 17.O-O-O Be7 18.Ba5 Qc8 19.h4 Nc5 20.f4 O-O 21.fxe5 dxe5 22.Bh3 Ne6
23.Qxe5 Qc4 24.Kb1 Rfe8 25.Bxe6 fxe6 26.Rd7 b4 27.Rhd1 Rac8 28.c3 Rc5 29.Qe3 Rxa5
30.b3 Qc6 31.Qa7 bxc3 32.Rc7 c2+  0-1

[Event "Victory Day GM"]
[Site "Moscow RUS"]
[Date "2011.05.06"]
[Round "7"]
[White "Sychev,K"]
[Black "Chernobay,A"]
[Result "0-1"]
[WhiteElo "2258"]
[BlackElo "2486"]

1.e4 c5 2.Nf3 d6 3.d4 cxd4 4.Nxd4 Nf6 5.Nc3 a6 6.Be3 e5 7.Nb3 Be6 8.Qd2 Nbd7
9.O-O-O Be7 10.f4 b5 11.f5 Bc4 12.g4 Nxg4 13.Rg1 Ndf6 14.Kb1 Bxf1 15.Rdxf1 a5
16.h3 Nxe3 17.Qxe3 b4 18.Na4 Qd7 19.Nb6 Qa7 20.Re1 Rb8 21.Nd5 Qxe3 22.Nxf6+ Bxf6
23.Rxe3 Rb5 24.Rd3 Ke7 25.Rgd1 Rd8 26.Rd5 Rxd5 27.Rxd5 a4 28.Nd2 g6 29.fxg6 hxg6
30.Nc4 Ke6 31.c3 bxc3 32.bxc3 Be7 33.Nd2 Rh8 34.Rd3 f5 35.Rg3 Rh6 36.c4 Bd8
37.Kc2 Ba5 38.Nf3 Kf6 39.exf5 gxf5 40.c5 dxc5 41.Rg8 e4 42.Ng1 Rg6 43.Rxg6+ Kxg6
44.Ne2 Kg5 45.Ng3 Be1 46.Nf1 f4 47.Kd1 Ba5  0-1

[Event "7th Mukachevo Rating"]
[Site "Mukachevo UKR"]
[Date "2011.05.06"]
[Round "2"]
[White "Nayhebaver,Martin"]
[Black "Kutsykh,M"]
[Result "0-1"]
[WhiteElo "2089"]
[BlackElo "2291"]

1.e4 c5 2.Nf3 d6 3.d4 cxd4 4.Nxd4 Nf6 5.Nc3 a6 6.Be3 e5 7.Nb3 Be7 8.f3 Be6
9.Qd2 O-O 10.O-O-O b5 11.g4 Nbd7 12.h4 Nb6 13.g5 Nh5 14.Rg1 Nc4 15.Bxc4 bxc4
16.Na1 Rb8 17.Nd5 Rb5 18.a4 Rxd5 19.exd5 Bd7 20.Qc3 Bxa4 21.Qxc4 Bb5 22.Qg4 g6
23.Rg2 Qc7 24.Kb1 Rb8 25.c4 Bd7 26.c5 Bxg4 27.fxg4 Nf4 28.Bxf4 exf4 29.c6 h6
30.Nc2 hxg5 31.Nd4 gxh4 32.g5 h3 33.Rh2 Bxg5 34.Rxh3 Bf6 35.Rf3 g5 36.Rd2 Kg7
37.Kc2 Rb4 38.Rfd3 Qb6 39.Nb3 a5  0-1

[Event "NK Jeugd A"]
[Site "Haarlem NED"]
[Date "2011.05.08"]
[Round "9"]
[White "Nicolai,Am"]
[Black "Colijn,E"]
[Result "1-0"]
[WhiteElo "1931"]
[BlackElo "1982"]

1.e4 c5 2.Nf3 d6 3.d4 cxd4 4.Nxd4 Nf6 5.Nc3 a6 6.Be3 Nbd7 7.f3 e6 8.g4 h6
9.Qd2 Qc7 10.h4 b5 11.a3 Bb7 12.Qg2 Ne5 13.g5 hxg5 14.hxg5 Rxh1 15.Qxh1 Nfd7
16.Qh3 Nc5 17.O-O-O O-O-O 18.Bf4 Kb8 19.Kb1 Ned7 20.Ndxb5 axb5 21.Nxb5 Qb6
22.Rxd6 Bxd6 23.Bxd6+ Kc8 24.Bc7 Qxc7 25.Nxc7 Kxc7 26.Qh2+ Kc8 27.Qd6 e5
28.Bh3 Na6 29.Qxe5 Bc6 30.b4 Kb7 31.Qe7  1-0

[Event "Sten Open"]
[Site "Hradec Kralove CZE"]
[Date "2011.05.08"]
[Round "1"]
[White "Saucuk,Martin"]
[Black "Kraus,To"]
[Result "0-1"]
[WhiteElo "1830"]
[BlackElo "2220"]

1.e4 c5 2.Nf3 d6 3.d4 cxd4 4.Nxd4 Nf6 5.Nc3 a6 6.Be3 e5 7.Nb3 Be6 8.f3 Nbd7
9.Qd2 Be7 10.g4 O-O 11.O-O-O b5 12.h4 b4 13.Na4 Rb8 14.g5 Nh5 15.Rg1 Qc7
16.Kb1 Qc6  0-1

[Event "7th WSCC U17 Open"]
[Site "Krakow POL"]
[Date "2011.05.08"]
[Round "9.5"]
[White "Maksimenko,Andrei Jr"]
[Black "Igambergenov,A"]
[Result "1/2-1/2"]
[WhiteElo "1820"]
[BlackElo "2255"]

1.e4 c5 2.Nf3 d6 3.d4 cxd4 4.Nxd4 Nf6 5.Nc3 a6 6.Be3 e5 7.Nf3 Qc7 8.a4 Be7
9.Be2 O-O 10.O-O h6 11.a5 Be6 12.Qd2 Nbd7 13.h3 Rac8 14.Nh2 Nc5 15.Bf3 Qc6
16.Nd5 Bd8 17.Nxf6+ Bxf6 18.Qc3 Nd7 19.Qxc6 Rxc6 20.Bd2 Rfc8 21.Bc3 Nc5 22.Rfd1 Be7
23.Nf1 Nd7 24.Ne3 Nf6 25.Rd2 Ne8 26.Rad1 g6 27.Bb4 Bf8 28.h4 b6 29.axb6 Rxb6
30.c3 Rcb8 31.Ra1 R8b7 32.Be2 Nc7 33.Bc4 Bc8 34.Ba5 Rc6 35.Bxc7 Rbxc7 36.Bd5 Rc5
37.Bb3 Rb7 38.Bd1 Rcb5 39.b4 Rc7 40.Nd5 Ra7 41.Be2 Rb8 42.Rda2 Be7 43.Nxe7+ Rxe7
44.Bxa6 Rc7 45.Bxc8 Rbxc8 46.Rd2 Rxc3 47.Rxd6 R3c4  1/2-1/2

[Event "TCh-SUI 2011"]
[Site "Switzerland SUI"]
[Date "2011.05.08"]
[Round "4.7"]
[White "Georgiadis,N"]
[Black "Gantner,M"]
[Result "0-1"]
[WhiteElo "2260"]
[BlackElo "2284"]

1.e4 c5 2.Nf3 d6 3.d4 cxd4 4.Nxd4 Nf6 5.Nc3 a6 6.Be3 e5 7.Nb3 Be6 8.f3 h5
9.Qd2 Nbd7 10.O-O-O b5 11.a3 Qc7 12.Kb1 Be7 13.f4 Nb6 14.Bxb6 Qxb6 15.f5 Bxb3
16.cxb3 Qb7 17.Qe3 Rc8 18.Bd3 O-O 19.Bc2 Rc6 20.h3 Rfc8 21.g4 d5 22.exd5 Rxc3
23.bxc3 Nxd5 24.Rxd5 Qxd5 25.Rd1 Qc6 26.gxh5 Qxc3 27.Qxc3 Rxc3 28.Rd3 Rxd3
29.Bxd3 Bxa3 30.Kc2 Kf8 31.f6 Bc5 32.Be4 Be3 33.Kd3 Bg5 34.fxg7+ Kxg7 35.Bb7 a5
36.Bc6 f5 37.Bxb5 e4+ 38.Kd4 Kf6 39.Kd5 Bc1 40.Be2 Kg5 41.Bd1 Bb2 42.Ke6 Kf4
43.h6 e3 44.h7 Ba1 45.h4 Ke4 46.Bc2+ Kf3 47.Bd1+ e2 48.Bxe2+ Kxe2 49.Kxf5 Kd3
50.Kg6 Kc2 51.Kf7 Kxb3 52.Kg8 a4  0-1

[Event "TCh-POL Ekstraliga"]
[Site "Wroclaw POL"]
[Date "2011.05.08"]
[Round "3.4"]
[White "Toma,K"]
[Black "Kadziolka,B"]
[Result "1/2-1/2"]
[WhiteElo "2261"]
[BlackElo "2272"]

1.e4 c5 2.Nf3 d6 3.d4 cxd4 4.Nxd4 Nf6 5.Nc3 a6 6.Be3 Ng4 7.Bc1 Nf6 8.Be3 Ng4
9.Bg5 h6 10.Bh4 g5 11.Bg3 Bg7 12.Be2 h5 13.Bxg4 Bxg4 14.f3 Bd7 15.Bf2 Nc6
16.O-O e6 17.Nxc6 Bxc6 18.Bd4 Be5 19.Bxe5 dxe5 20.Qxd8+ Rxd8 21.Rad1 Ke7
22.Rfe1 Rd4 23.Ne2 Rdd8 24.Nc3 Rd4 25.Ne2 Rdd8 26.Nc3 Rd4  1/2-1/2

[Event "13th Salou Open"]
[Site "Salou ESP"]
[Date "2011.05.10"]
[Round "8"]
[White "Hamdouchi,H"]
[Black "Hernandez Carmenates,Hold"]
[Result "1/2-1/2"]
[WhiteElo "2593"]
[BlackElo "2558"]

1.e4 c5 2.Nf3 d6 3.d4 cxd4 4.Nxd4 Nf6 5.Nc3 a6 6.Be3 Ng4 7.Bg5 h6 8.Bh4 g5
9.Bg3 Bg7 10.Be2 h5 11.Bxg4 hxg4 12.Nd5 Nc6 13.Nf5 Bxf5 14.exf5 Bxb2 15.Rb1 Qa5+
16.Qd2 Bd4 17.Qxa5 Nxa5 18.c3 Bc5 19.Nc7+ Kd7 20.Nxa8 Rxa8 21.h4 gxh3 22.Rxh3 f6
23.Ke2 Rc8 24.f4 Rg8 25.Rh6 gxf4 26.Rg6 Rc8 27.Bxf4 Ba3 28.g4 b5 29.g5 Rc5
30.gxf6 Rxf5 31.fxe7 Kxe7 32.Kf3 Kd7 33.Ke4 Rf8 34.Rbg1 Nc4 35.R1g4 Re8+
36.Kd3 Nb2+ 37.Kd2 Nc4+ 38.Kd3 Nb2+ 39.Kd2 Nc4+ 40.Kd3  1/2-1/2

[Event "ch-UKR semi-final"]
[Site "Alushta UKR"]
[Date "2011.05.11"]
[Round "9.66"]
[White "Torosjan,Asja"]
[Black "Vershigora,Y"]
[Result "0-1"]
[WhiteElo "1839"]
[BlackElo "1988"]

1.e4 c5 2.Nf3 d6 3.d4 cxd4 4.Nxd4 Nf6 5.Nc3 a6 6.Be3 Bd7 7.Be2 Nc6 8.O-O e6
9.Qd2 Be7 10.f4 O-O 11.h3 Qc7 12.Rad1 b5 13.a3 Rac8 14.g4 Nxd4 15.Bxd4 Bc6
16.Bf3 Qb7 17.Rde1 a5 18.Qg2 b4 19.axb4 Qxb4 20.Ne2 e5 21.Bc3 Qb6+ 22.Kh2 exf4
23.Nxf4 Bb5 24.Rg1 g5 25.Nd5 Nxd5 26.exd5 Bd8 27.Be4 Qa7 28.Qf3 f6 29.Bf5 Rc4
30.Re4 Rxe4 31.Bxe4 Bb6 32.Rg2 Be3 33.Bd2 Bd4 34.c3 Be5+ 35.Kh1 a4 36.Be3 Qb7
37.Rf2 Qe7 38.Bf5 Rb8 39.Be6+ Kg7 40.Qe4 Be8 41.Bd4 Bg6 42.Bf5 Bxf5 43.gxf5 h5
44.Qe3 Rb3 45.Rg2 Qb7 46.Bxe5 dxe5 47.Qc5 Rb5 48.Qc6 Qxc6 49.dxc6 Rc5 50.Rd2 Rxc6
51.Rd7+ Kg8 52.Rb7 Ra6 53.Kg2 a3 54.bxa3 Rxa3 55.Rb6 Kf7 56.Rb7+ Ke8 57.Rb8+ Kd7
58.Rb7+ Kd6 59.Rb6+ Kd5 60.Rxf6 Ke4 61.Rf8 Rxc3 62.f6 Rc2+ 63.Kg1 Rc7 64.Rh8 h4
65.Rb8 Rf7 66.Rb6 Kf5 67.Kg2 Rxf6 68.Rb4 Ra6 69.Rb2 Ra3 70.Rf2+ Ke4 71.Re2+ Re3
72.Ra2 Rg3+ 73.Kh2 Kf4 74.Ra4+ e4 75.Ra7 e3 76.Rf7+ Ke4 77.Re7+ Kd3 78.Rd7+ Ke2
79.Ra7 Kf2 80.Ra2+ e2 81.Ra7 Rg2+  0-1

[Event "TCh-NED"]
[Site "Netherlands NED"]
[Date "2011.05.15"]
[Round "9.8"]
[White "Kuipers,S"]
[Black "Pijpers,A"]
[Result "0-1"]
[WhiteElo "2370"]
[BlackElo "2248"]

1.e4 c5 2.Nf3 d6 3.d4 cxd4 4.Nxd4 Nf6 5.Nc3 a6 6.Be3 e6 7.g4 e5 8.Nf5 h5
9.g5 Nxe4 10.Nxg7+ Bxg7 11.Nxe4 d5 12.Ng3 e4 13.c3 Nc6 14.Nxh5 Be5 15.Nf6+ Bxf6
16.gxf6 Qxf6 17.Qxd5 Qf3 18.Rg1 Be6 19.Qc5 Rd8 20.Be2 Qh3 21.Bf4 Rd5 22.Qb6 Ne5
23.Bxe5 Rxe5 24.Rd1 Qh4 25.Qxb7 e3 26.Qa8+ Ke7 27.Qb7+ Ke8 28.Qb8+ Ke7 29.Qa7+ Kf6
30.Rg3 Qxh2 31.Rf3+ Kg7 32.Rg3+ Kf6 33.Rf3+ Kg7 34.fxe3 Qg1+ 35.Bf1 Rh3 36.Qd4 Rxf3
37.Qxe5+ f6 38.Qc7+ Kg6 39.Kd2 Qxe3+ 40.Kc2 Rxf1 41.Rxf1 Qe2+ 42.Kc1 Qxf1+
43.Kd2 Qf2+ 44.Kc1 Bf5 45.Kd1 Bg4+  0-1

[Event "TCh-UKR Clubs 2011"]
[Site "Alushta UKR"]
[Date "2011.05.16"]
[Round "4.2"]
[White "Pastukhov,I"]
[Black "Pavlov,Ma"]
[Result "1-0"]
[WhiteElo "2265"]
[BlackElo "2364"]

1.e4 c5 2.Nf3 d6 3.d4 cxd4 4.Nxd4 Nf6 5.Nc3 a6 6.Be3 e6 7.h3 Be7 8.g4 Nfd7
9.Bg2 Ne5 10.Qe2 Qc7 11.O-O-O Nc4 12.Nf5 Nxe3 13.Qxe3 Qc5 14.Nxg7+ Kf8 15.Qxc5 dxc5
16.Nh5 Nd7 17.f4 b5 18.e5 Ra7 19.Ne4 Rc7 20.Rd2 c4 21.Rhd1 Bb4 22.c3 Ba5
23.Nef6 Ke7 24.Nxd7 Bxd7 25.Nf6 Bc8 26.Rd6 h6 27.h4 Rc5 28.h5 Rc7 29.Kc2 b4
30.R1d4 bxc3 31.bxc3 Rc5 32.a4 Bc7 33.Ne4 Ra5 34.Rc6 Bb8 35.Rcxc4 Rf8 36.Nf6 Rxe5
37.fxe5 Bxe5 38.Ne4 Bb7 39.Rc5 Bh2 40.Rb4  1-0

[Event "ch-CZE"]
[Site "Pardubice CZE"]
[Date "2011.05.16"]
[Round "5"]
[White "Rasik,V"]
[Black "Babula,V"]
[Result "1/2-1/2"]
[WhiteElo "2485"]
[BlackElo "2566"]

1.e4 c5 2.Nf3 d6 3.d4 cxd4 4.Nxd4 Nf6 5.Nc3 a6 6.Be3 e6 7.f3 b5 8.Qd2 Nbd7
9.g4 h6 10.O-O-O b4 11.Na4 Ne5 12.b3 Bd7 13.Nb2 d5 14.Nd3 Nxd3+ 15.Bxd3 dxe4
16.Bxe4 Nxe4 17.fxe4 Qc7 18.Kb1 Bc5 19.Nf5 Bf8 20.Bf4 Qb7 21.Nd6+ Bxd6 22.Bxd6 Bc6
23.Bxb4 Bxe4 24.Rhe1 f5 25.gxf5 exf5 26.Qd6 Kf7 27.Rg1 Rhd8 28.Qg6+ Kg8 29.Rxd8+ Rxd8
30.Bc3 Rd7 31.Kb2 Qc6 32.Qe8+ Kh7 33.Qe5 Qc7 34.Qe6 Qc6 35.Qe5 Qc7 36.Qe6 Qc6
37.Qe5  1/2-1/2

[Event "20th ch-MKD 2011"]
[Site "Skopje MKD"]
[Date "2011.05.16"]
[Round "6"]
[White "Nedev,Tr"]
[Black "Petrovski,I"]
[Result "1-0"]
[WhiteElo "2475"]
[BlackElo "2232"]

1.e4 c5 2.Nf3 d6 3.d4 cxd4 4.Nxd4 Nf6 5.Nc3 a6 6.Be3 e5 7.Nb3 Be6 8.Qd2 Nbd7
9.f4 Rc8 10.f5 Bc4 11.Bxc4 Rxc4 12.Qd3 Rc8 13.O-O-O Be7 14.g4 Nxg4 15.Rhg1 Ndf6
16.Rg2 Nxe3 17.Qxe3 g6 18.Nd2 Qc7 19.Nf1 b5 20.Qf3 Qa5 21.Kb1 Rxc3 22.bxc3 Nd7
23.f6 Nxf6 24.Rxd6 Nd7 25.Rxd7 Kxd7 26.Qxf7 Qa3 27.Rd2+ Kc7 28.Ne3 Rd8 29.Nd5+ Kb8
30.Qf2 Qd6 31.Nxe7 Qxd2 32.Qb6+ Ka8 33.Qxa6+ Kb8 34.Qb6+ Ka8 35.Nc6  1-0

[Event "ch-KAZ 2011"]
[Site "Astana KAZ"]
[Date "2011.05.18"]
[Round "4"]
[White "Aitbayev,A"]
[Black "Khusnutdinov,R"]
[Result "0-1"]
[WhiteElo "2355"]
[BlackElo "2508"]

1.e4 c5 2.Nf3 d6 3.d4 cxd4 4.Nxd4 Nf6 5.Nc3 a6 6.Be3 Ng4 7.Bg5 h6 8.Bh4 g5
9.Bg3 Bg7 10.h3 Nf6 11.Qf3 Qb6 12.O-O-O O-O 13.Be2 Nc6 14.Nxc6 bxc6 15.e5 Nd5
16.Rxd5 cxd5 17.Nxd5 Qb7 18.Nxe7+ Qxe7 19.Qxa8 dxe5 20.Bxa6 Bf5 21.Qf3 Qe6
22.Rd1 Rb8 23.Qa3 Bf8 24.Qf3 Qxa2 25.Qxf5 Bb4 26.c3 Bxc3 27.Rd6 Qa1+ 28.Kc2 Rxb2+
29.Kd3 Rd2+ 30.Ke3 Rxd6 31.Bd3 Qe1+ 32.Kf3 Rf6  0-1

[Event "ch-CZE"]
[Site "Pardubice CZE"]
[Date "2011.05.18"]
[Round "7"]
[White "Votava,J"]
[Black "Babula,V"]
[Result "1/2-1/2"]
[WhiteElo "2541"]
[BlackElo "2566"]

1.e4 c5 2.Nf3 d6 3.d4 cxd4 4.Nxd4 Nf6 5.Nc3 a6 6.Be3 Nbd7 7.g4 h6 8.Bg2 Ne5
9.h3 Nc4 10.Bc1 e5 11.Nde2 b5 12.b3 Nb6 13.a4 b4 14.a5 Nbd7 15.Nd5 Nxd5 16.Qxd5 Rb8
17.Be3 Be7 18.Ng3 g6 19.Qd2 Nc5 20.O-O Bg5 21.Rfd1 Bxe3 22.Qxe3 Qc7 23.Rd2 Ne6
24.Ne2 Qc5 25.Qg3 Bd7 26.Rad1 Bb5 27.Bf1 O-O 28.Qe3 Qxe3 29.fxe3 Rfc8 30.h4 Rc5
31.Ng3 Rc3 32.Kf2 Bxf1 33.Nxf1 Rbc8 34.Rxd6 Rxc2+ 35.R1d2 R2c3 36.R2d5 Rxb3
37.Rxa6 Nc5 38.Rb6 Nxe4+ 39.Kf3 Nc3 40.Rxe5 Rb2 41.Ng3 b3 42.h5 Na4 43.Rbb5 Rb1
44.hxg6 fxg6 45.Re7 Nc5 46.a6 Nxa6 47.Ne4 b2 48.Reb7 Rf8+ 49.Ke2 Rg1 50.g5 hxg5
51.Rxb2 Rg2+ 52.Kd3 Rxb2  1/2-1/2

[Event "20th Croatian Cup"]
[Site "Sibenik CRO"]
[Date "2011.05.18"]
[Round "1.21"]
[White "Saric,Iv"]
[Black "Ivekovic,Z"]
[Result "1-0"]
[WhiteElo "2637"]
[BlackElo "2318"]

1.e4 c5 2.Nf3 d6 3.d4 cxd4 4.Nxd4 Nf6 5.Nc3 a6 6.Be3 e5 7.Nf3 Be7 8.Bc4 O-O
9.O-O Be6 10.Qe2 b5 11.Bb3 h6 12.Rfd1 Nbd7 13.Nd5 Nxd5 14.Bxd5 Bxd5 15.exd5 Qc7
16.a4 b4 17.a5 f5 18.Ra4 f4 19.Bc1 Rab8 20.Ra1 Nc5 21.Bd2 Bf6 22.Qc4 Qb7
23.Ne1 Rfc8 24.Nd3 b3 25.c3 Ne6 26.Qe4 Ng5 27.Qf5 Qf7 28.Nb4 g6 29.Qd3 e4
30.Qxa6 Be5 31.Nc6 Ra8 32.Qe2 f3 33.Qe1 fxg2 34.Bxg5 Rxc6 35.dxc6 hxg5 36.Qxe4 Kg7
37.Rd5 Rf8 38.Qxg2 Qf4 39.c7 Rh8 40.Rxe5  1-0

[Event "Serbian Cup 2011"]
[Site "Valjevo SRB"]
[Date "2011.05.18"]
[Round "3.6"]
[White "Cica,Dr"]
[Black "Marinovic,B"]
[Result "0-1"]
[WhiteElo "1954"]
[BlackElo "2404"]

1.e4 c5 2.Nf3 d6 3.d4 cxd4 4.Nxd4 Nf6 5.Nc3 a6 6.Be3 e5 7.Nb3 Be6 8.Be2 Nbd7
9.O-O Be7 10.Kh1 O-O 11.f4 exf4 12.Bxf4 Ne5 13.Nd4 Rc8 14.Bxe5 dxe5 15.Nf5 Bxf5
16.Rxf5 Qc7 17.Bd3 Bb4 18.Rxf6 Bxc3 19.Qg4 Bxb2 20.Raf1 Ba3 21.R6f3 Bb4 22.Qh5 Qe7
23.Rh3 h6 24.Qg4 Rc6 25.Rf5 Bd2 26.Qe2 Bf4 27.g3 Bg5 28.Bc4 g6 29.Rf1 Kg7
30.Bd5 Rc3 31.Rf3 Rxf3 32.Qxf3 Rc8 33.Qf2 Rc3 34.Kg2 Be3 35.Qe2 Qc5 36.Bb3 Qd4
37.Qf3 Bf4 38.Qe2 Re3 39.Qf2 Qxe4+ 40.Kg1 Re1+  0-1

[Event "TCh-UKR Clubs 2011"]
[Site "Alushta UKR"]
[Date "2011.05.20"]
[Round "8.5"]
[White "Zherebukh,Y"]
[Black "Onischuk,V"]
[Result "1-0"]
[WhiteElo "2586"]
[BlackElo "2498"]

1.e4 c5 2.Nf3 d6 3.d4 cxd4 4.Nxd4 Nf6 5.Nc3 a6 6.Be3 e5 7.Nb3 Be6 8.Qd2 Nbd7
9.f3 b5 10.O-O-O Rc8 11.Kb1 Be7 12.g4 Nb6 13.g5 Nh5 14.Rg1 Qc7 15.Nd5 Bxd5
16.exd5 O-O 17.Na5 Nxd5 18.Qxd5 Qxa5 19.Bd3 g6 20.Rg4 Nf4 21.Bxf4 exf4 22.h4 Rc5
23.Qd4 Re5 24.Be4 Qc7 25.Bd5 Rc8 26.c3 b4 27.Qxb4 Rb8 28.Qd4 Re2 29.Rd2 Re1+
30.Kc2 Bf8 31.Rxf4 Re7 32.Qc4 Qa7 33.Re2 Rd7 34.Qd4 Qc7 35.Rfe4 Qc8 36.Qd3 Rc7
37.Rc4 Bg7 38.Bxf7+  1-0

[Event "TCh-UKR Clubs 2011"]
[Site "Alushta UKR"]
[Date "2011.05.20"]
[Round "8.4"]
[White "Pastukhov,I"]
[Black "Trjapishko,A"]
[Result "0-1"]
[WhiteElo "2265"]
[BlackElo "1957"]

1.e4 c5 2.Nf3 d6 3.d4 cxd4 4.Nxd4 Nf6 5.Nc3 a6 6.Be3 e6 7.g4 e5 8.Nf5 h5
9.g5 Nxe4 10.Nxe4 Bxf5 11.Qd5 Nc6 12.O-O-O Rc8 13.g6 Bxg6 14.a3 Bf5 15.Ng5 Qc7
16.Bb6 Nb4 17.Bxc7 Nxd5 18.Rxd5 Rxc7 19.Bd3 Bd7 20.Be4 Be7 21.h4 Bxg5+ 22.hxg5 Bc6
23.Kd2 Bxd5 24.Bxd5 g6 25.Rh3 Ke7 26.Rf3 Rf8 27.Rf6 h4 28.c4 Rd7 29.a4 Ke8
30.Ke2 Rh8 31.Kf1 Rh5 32.Kg2 Rxg5+ 33.Kh3 Rh5 34.a5 Rh7 35.b4 Ke7 36.Rf3 f5
37.b5 Kf6 38.Rb3 axb5 39.cxb5 e4 40.b6 Rh8 41.Rb5 g5 42.Rb4 g4+ 43.Kh2 Rb8
44.Kg2 Re7 45.Kh2 e3 46.fxe3 Rxe3 47.Bxb7 Rxb7 48.a6 Ree7 49.Rb5 Ke6 50.Rb1 Kd5
51.Rb5+ Ke4 52.Rb4+ Ke5 53.Rb2 Kf6 54.Rb5 d5 55.Rb2 d4 56.Kg2 h3+ 57.Kg3 Kg5
58.Rb5 Re2  0-1

[Event "ch-Siberia Men"]
[Site "Barnaul RUS"]
[Date "2011.05.21"]
[Round "2"]
[White "Smirnov,P"]
[Black "Khatoev,E"]
[Result "1-0"]
[WhiteElo "2566"]
[BlackElo "2283"]

1.e4 c5 2.Nf3 d6 3.d4 cxd4 4.Nxd4 Nf6 5.Nc3 a6 6.Be3 Ng4 7.Bc1 Nc6 8.Be2 Qb6
9.Bxg4 Qxd4 10.Qe2 e6 11.O-O Be7 12.Rd1 Qb6 13.Be3 Qxb2 14.Na4 Qb5 15.Qxb5 axb5
16.Nb6 Rb8 17.Rab1 Ne5 18.Be2 Nc4 19.Bxc4 bxc4 20.Nxc8 Rxc8 21.Rxb7 Bf6 22.Rxd6 O-O
23.f4 Rb8 24.Rxb8 Rxb8 25.Rc6 c3 26.e5 Bh4 27.g3 Be7 28.Rxc3 Ra8 29.a4  1-0

[Event "63rd ch-MNE"]
[Site "Tivat MNE"]
[Date "2011.05.21"]
[Round "1.7"]
[White "Draskovic,L"]
[Black "Krivokapic,M"]
[Result "0-1"]
[WhiteElo "2114"]
[BlackElo "2413"]

1.e4 c5 2.Nf3 d6 3.d4 cxd4 4.Nxd4 Nf6 5.Nc3 a6 6.Be3 e6 7.f3 Qc7 8.Qd2 Nbd7
9.g4 h6 10.O-O-O b5 11.a3 Bb7 12.Be2 Ne5 13.h4 g6 14.Rhg1 Nfd7 15.f4 Nc4
16.Bxc4 Qxc4 17.f5 Rc8 18.fxe6 fxe6 19.Rgf1 Bg7 20.Nde2 Ne5 21.Qxd6 Qc6 22.Qb4 Nxg4
23.Bd4 e5 24.Bg1 Rf8 25.Kb1 Rxf1 26.Rxf1 Nf6 27.Be3 Nxe4 28.Ka1 Nxc3 29.bxc3 Rd8
30.Qg4 Bc8 31.Qg3 Qe4 32.Nc1 Qxc2 33.Bxh6 Bf5 34.Rxf5 Qxf5 35.Bxg7 Rd1 36.Bh6 Kd7
37.Qe3 Qc2 38.Bg5 Kc6 39.Qf3+ Kb6 40.Qe3+ Ka5 41.Qxe5 Rxc1+ 42.Bxc1 Qxc1+
43.Ka2 Qc2+ 44.Ka1 Qb3 45.Qc7+ Ka4 46.Qf4+ b4  0-1

[Event "Serbian Cup 2011"]
[Site "Valjevo SRB"]
[Date "2011.05.21"]
[Round "6.2"]
[White "Pikula,D"]
[Black "Perunovic,Mil"]
[Result "1-0"]
[WhiteElo "2531"]
[BlackElo "2578"]

1.e4 c5 2.Nf3 d6 3.d4 cxd4 4.Nxd4 Nf6 5.Nc3 a6 6.Be3 e5 7.Nb3 Be6 8.Qd2 Nbd7
9.f4 exf4 10.Bxf4 Ne5 11.O-O-O Be7 12.Nd4 O-O 13.h3 b5 14.Kb1 Rc8 15.Nf5 b4
16.Nxe7+ Qxe7 17.Na4 Qb7 18.Rc1 Qxe4 19.b3 a5 20.Ba6 Ra8 21.Rhe1 Qc6 22.Bf1 Rfd8
23.Qd4 Bf5 24.Bg5 Rac8 25.Re2 Bg6 26.Bxf6 gxf6 27.Rd2 Qe4 28.Nb6 Qxd4 29.Rxd4 Rc5
30.Nc4 Kg7 31.Kb2 Nc6 32.Rd2 Be4 33.Rcd1 Re8 34.Nb6 Ne5 35.Na4 Rc6 36.Bb5 Rec8
37.Bxc6 Rxc6 38.c4 f5 39.g3 Bf3 40.Rf1 Be4 41.Ka1 h5 42.Nb2 Kf6 43.Nd1 d5
44.Nf2 Ke6 45.cxd5+ Bxd5 46.Re1 f6 47.g4 hxg4 48.hxg4 fxg4 49.Nxg4 Bf3 50.Nxe5 fxe5
51.Rd3 Bg4 52.Rd8 Rc5 53.Kb2 Ke7 54.Rd2 Bd7 55.Rc1 Rxc1 56.Kxc1 Ke6 57.Rc2 Kd6
58.Kd2 Be6 59.Rc1 Bd5 60.Kd3 Be6 61.Kd2 Bd5 62.Rc8 Bc6 63.Ke3 Kd5 64.Rh8 a4
65.bxa4 Bxa4 66.Rh4 Bc6 67.Rxb4 Kc5 68.a3 Bd5 69.Kd2 Bc6 70.Kc3 e4 71.Rb2 Bb5
72.Rh2 e3 73.Rh5+ Kc6 74.Re5 e2 75.Kd4 Kd6 76.Re3 Kc6 77.Re7 Kd6 78.Re5 Kc6
79.Kc3 Kd6 80.Re3 Kc5 81.Kd2 Kd4 82.Re7 Kd5 83.Kc3 Kd6 84.Re3 Kd5 85.Kd2 Kd4
86.Rb3 Kc5 87.Rb4 Bc4 88.Rb1 Bb5 89.Rc1+ Kb6 90.Rc3 Ka5 91.Rb3 Ba6 92.Rb4 Bb5
93.Re4 Kb6 94.a4 Ba6 95.Re5 Bc4 96.Kc3 Ba6 97.Kb2 Kc6 98.Kc3 Kd6 99.Kd4 Kc6
100.Re3 Kb6 101.Re5 Kc6 102.Re3 Kb6 103.Kc3 Kc5 104.Re8 Kd5 105.Kd2 Kc5 106.Rb8 Kc6
107.a5 Kc7 108.Rb4 Bd3 109.Rb3 Ba6 110.Rb1 Kc8 111.Rb6 Bd3 112.a6  1-0

[Event "3rd Kahraman Olgac Memorial"]
[Site "Izmir TUR"]
[Date "2011.05.23"]
[Round "2.1.1"]
[White "Geller,J"]
[Black "Yilmaz,M"]
[Result "1-0"]
[WhiteElo "2521"]
[BlackElo "2489"]

1.e4 c5 2.Nf3 d6 3.d4 cxd4 4.Nxd4 Nf6 5.Nc3 a6 6.Be3 e5 7.Nb3 Be7 8.f3 Be6
9.Qd2 O-O 10.O-O-O a5 11.a4 Nc6 12.g4 Nb4 13.Kb1 Rc8 14.g5 Nh5 15.Rg1 g6
16.Bb5 b6 17.Qf2 Rb8 18.Nc1 Qc7 19.Nd3 Nc6 20.f4 exf4 21.Nxf4 Nxf4 22.Bxf4 Ne5
23.Nd5 Bxd5 24.Rxd5 f6 25.Qg3 fxg5 26.Bxe5 dxe5 27.Rd7 Qc5 28.Rgd1 Bf6 29.R1d5 Qb4
30.Qh3 Bg7 31.Qe6+ Kh8 32.Rxg7 Qe1+ 33.Ka2 Kxg7 34.Qxe5+  1-0